Score 0/20 Timer 05:00
0 Plays Today
Author (A) or (B) % Correct
Alice Walker (A) The Color Purple or (B) Meridian???
87.8%
William Kennedy (A) Legs or (B) Ironweed???
70.6%
Toni Morrison (A) Beloved or (B) Song of Solomon???
70%
Donna Tartt (A) The Goldfinch or (B) The Secret History???
69%
Saul Bellow (A) Humboldt's Gift or (B) Seize the Day???
68.5%
John Updike (A) Rabbit is Rich or (B) The Witches of Eastwick???
66.1%
Geraldine Brooks (A) March or (B) People of the Book???
63.2%
Herman Wouk (A) The Caine Mutiny or (B) The Winds of War???
62.4%
Norman Mailer (A) The Executioner's Song or (B) The Naked and the Dead???
60%
Richard Russo (A) Bridge of Sighs or (B) Empire Falls???
55.2%
Author (A) or (B) % Correct
Larry McMurtry (A) The Last Picture Show or (B) Lonesome Dove???
55.2%
Philip Roth (A) The Human Stain or (B) American Pastoral???
54.6%
James Alan McPherson (A) Elbow Room or (B) Hue and Cry???
53.6%
Cormac McCarthy (A) No Country For Old Men or (B) The Road???
53.2%
James Michener (A) Centennial or (B) Tales of the South Pacific???
51.9%
Jeffrey Eugenides (A) The Virgin Suicides or (B) Middlesex???
51.4%
Richard Ford (A) The Sportswriter or (B) Independence Day???
50.5%
Ernest Hemingway (A) The Sun Also Rises or (B) The Old Man and the Sea???
49.9%
A. B. Guthrie Jr. (A) The Way West or (B) The Big Sky???
46.8%
William Styron (A) Sophie's Choice or (B) The Confessions of Nat Turner???
29.7%
Remove Ads.
Support Sporcle.
Get the best of Sporcle when you Go Orange. This ad-free experience offers more features, more stats, and more fun while also helping to support Sporcle. Thank you for becoming a member.

You're not logged in!

Compare scores with friends on all Sporcle quizzes.
OR
Log In

Show Comments

Extras

Top Quizzes Today


Score Distribution

Your Account Isn't Verified!

In order to create a playlist on Sporcle, you need to verify the email address you used during registration. Go to your Sporcle Settings to finish the process.

Report this User

Report this user for behavior that violates our Community Guidelines.

Details: